[Event "39th IND-chT 2019"]
[Site "Kolkata"]
[Date "2019.02.07"]
[Round "2"]
[White "Gopal G.N."]
[Black "Kumthekar, Shubham"]
[Result "1-0"]
[WhiteElo "2594"]
[BlackElo "1836"]
[Annotator "TA"]
[PlyCount "81"]
[EventDate "2019.??.??"]
[EventCountry "IND"]
[SourceTitle "playchess.com"]
[Source "ChessBase"]
[SourceQuality "1"]

{[%evp 9,81,22,24,6,18,-1,0,1,8,-15,0,0,10,2,24,6,17,0,42,24,46,39,72,34,42,52,54,52,85,65,83,77,65,55,148,136,127,142,169,103,160,118,131,104,192,188,214,200,200,186,237,222,306,245,292,233,556,576,502,550,871,877,922,922,1566,918,887,857,1036,1025,983,900,1332,1226]} 1. e4 (1. d4 d6 2. Nf3 g6 3. e4 Bg7 4. Nc3 a6 5. Bg5 b5 {½-½ (90) Dzagnidze,N (2547)-Paehtz,E (2483) Istanbul 2012}) 1... g6 2. d4 Bg7 3. Nc3 d6 4. Bg5 a6 5. Qd2 $146 ({Predecessor:} 5. Nf3 Nd7 6. Qd2 b5 7. Bd3 {0-1 (36) Chen,P (1977)-Morris,J (2190) Mooroolbark 2011}) 5... b5 6. Nf3 {B06: Modern Defence} Bb7 7. Bd3 (7. a3 Nd7 8. h3 c5 9. d5 Ngf6 10. Bd3 O-O 11. O-O e5 12. Rfe1 Qc7 13. Bf1 {½-½ (90) Dzagnidze,N (2547)-Paehtz,E (2483) Istanbul 2012}) 7... Nd7 8. a4 {The position is equal.} b4 {[#] ...h6 is the strong threat.} 9. Ne2 c5 10. O-O Qc7 ({Predecessor:} 10... h6 11. Be3 Ngf6 12. Ng3 Ng4 13. c3 Nxe3 14. Qxe3 {0-1 (36) Chen,P (1977)-Morris,J (2190) Mooroolbark 2011}) 11. c3 bxc3 12. bxc3 Ngf6 13. Ng3 $36 {[%mdl 2048] White fights for an advantage.} O-O 14. a5 Rfc8 15. Rfe1 e5 16. dxe5 Nxe5 17. Nxe5 dxe5 18. Bc4 Rd8 19. Qa2 h6 20. Bxf6 Bxf6 21. Rab1 Rab8 (21... Ra7 $14) 22. Rb6 $16 Kg7 23. Reb1 (23. Bxa6 $6 Bxa6 24. Rxa6 Rb5 $11) 23... Bc6 24. Qe2 (24. Rxa6 $6 Rd2 $16) ({White should play} 24. Rxb8 $18 Rxb8 25. Rxb8 Qxb8 26. Bxa6 (26. Bxf7 Qb5 $14)) 24... Bg5 (24... Rxb6 $142 25. axb6 Qd7) 25. Nf1 {[%cal Bg3f1,Bf1h2,Bh2f3][%mdl 32]} Ra8 26. g3 h5 (26... Rd6 $16 {is a better defense.}) 27. h4 $18 (27. Bxa6 $6 Rd6 $16) 27... Bh6 28. Nh2 ({Don't do} 28. Bxa6 $6 Ra7 $16) (28. Qf3 $6 Rd6) 28... Rd2 29. Qe1 ({But not} 29. Qf3 f5 $16) 29... Rd7 (29... Rd6 {might work better.}) 30. Nf3 f6 31. Qe2 ({Weaker is} 31. Bxa6 Ra7 $16) 31... Kh7 32. Bxa6 Kg7 $2 {[#]} (32... Bg7 33. Nd2 Rdd8) 33. Bb5 {White is clearly winning.} Bxb5 34. Qxb5 Ra7 35. a6 {[%cal Ba5a6,Ba6b7][%mdl 32]} Rf7 36. Rb7 Rxb7 37. axb7 Qb8 38. Qc6 Kh7 39. Qc8 Rf8 40. Qd7+ Kg8 41. Ra1 {Accuracy: White = 79%, Black = 26%.} 1-0

[Event "39th IND-chT 2019"]
[Site "Kolkata"]
[Date "2019.02.07"]
[Round "2"]
[White "Sengupta, Deep"]
[Black "Mota, Pankit"]
[Result "1-0"]
[WhiteElo "2555"]
[BlackElo "1994"]
[Annotator "TA"]
[PlyCount "67"]
[EventDate "2019.??.??"]
[EventCountry "IND"]
[SourceTitle "playchess.com"]
[Source "ChessBase"]
[SourceQuality "1"]

{[%evp 10,67,6,-27,24,27,23,0,-3,-10,-3,-10,-10,-28,11,0,29,42,114,139,128,123,104,106,146,52,79,0,138,129,190,185,181,85,127,102,146,86,159,121,234,250,223,235,247,239,247,230,279,273,278,266,421,416,360,321,374,357,580,564]} 1. e4 $146 ({Predecessor:} 1. d4 d5 2. c4 c6 3. Nf3 Nf6 4. e3 e6 5. Nbd2 c5 6. cxd5 Nxd5 7. e4 Nf6 8. e5 {½-½ (57) Lysyj,I (2617)-Ter Sahakyan,S (2480) Martuni 2009}) 1... e6 2. d4 d5 3. Nd2 Nf6 4. e5 Nfd7 5. Ngf3 c5 6. c4 Nb6 {C05: French Tarrasch: 3...Nf6 4 e5 Nfd7, 5 f4 and 5 Bd3 sidelines} (6... cxd4 $142 7. cxd5 exd5) 7. cxd5 $11 Nxd5 8. Nc4 ({Predecessor:} 8. dxc5 Bxc5 9. a3 O-O 10. Qc2 Be7 11. Bd3 h6 12. Qc4 Nd7 13. O-O {½-½ (57) Lysyj,I (2617)-Ter Sahakyan,S (2480) Martuni 2009}) 8... Nc6 {The position is equal.} 9. Bg5 Qc7 10. Rc1 h6 11. Bh4 cxd4 (11... b5 $5 {[%cal Rb5c4]} 12. Nd6+ Bxd6 13. exd6 Qa5+ {[%mdl 64] Double Attack} 14. Qd2 c4 $11) 12. a3 Bc5 13. b4 $36 {[%mdl 2048] White fights for an advantage.} Ndxb4 (13... b5 $1 $14 14. Nd6+ Bxd6 15. exd6 Qb7) 14. axb4 $16 Bxb4+ 15. Nfd2 O-O 16. Bg3 Bc3 17. Nd6 (17. Be2 $16) 17... Qa5 $1 $14 18. f4 (18. N6e4 $16) 18... f6 (18... Bd7 $11) 19. exf6 $16 Rxf6 (19... Qd5 $16 {was worth a try.}) 20. N6e4 Rf8 21. Qb3 (21. Bc4 $18) 21... Bb4 {Black wants to play ...Kh8.} 22. Bc4 Kh8 23. Qa2 (23. Qd1 $142) 23... Ba3 ({Better is} 23... Qxa2 24. Bxa2 e5) 24. Ra1 {[%cal Bc1a1,Ba1a3,Ba3a5,Ba5c5][%mdl 32]} Nb4 (24... Bb4 $16 {keeps fighting.} 25. O-O Qxa2 26. Rxa2 a5) 25. Qb3 $18 b5 {[#]} 26. O-O $1 (26. Rxa3 Qxa3 27. Qxa3 Nc2+ 28. Ke2 Nxa3 $11) (26. Bxe6 Bxe6 27. Qxe6 Nc2+ 28. Kf2 d3 $15) 26... bxc4 27. Nxc4 {[%mdl 64] Double Attack} ({Don't play} 27. Rxa3 $6 cxb3 28. Rxa5 b2 $16) ({Worse is} 27. Qxa3 Qxa3 28. Rxa3 Nc2 $11) 27... Qd5 28. Rxa3 Qxe4 29. Qxb4 Bb7 {[%csl Gb7][%cal Re4g2] [#]} 30. Qd2 Qf5 (30... d3 $142) 31. Ra5 Bd5 32. Qxd4 Qc2 {[%csl Gd5][%cal Rc2g2]} 33. Ne3 Qc7 $2 (33... Qe4 {is a better defense.} 34. Rd1 (34. Rxd5 exd5 35. Qd2 Rab8 $14) 34... Bb7) 34. Rc5 {Accuracy: White = 58%, Black = 34%.} 1-0

[Event "39th IND-chT 2019"]
[Site "Kolkata"]
[Date "2019.02.07"]
[Round "2"]
[White "Swapnil, S. Dhopade"]
[Black "Bhattacharyya Soham"]
[Result "1-0"]
[WhiteElo "2488"]
[BlackElo "1919"]
[Annotator "ChessBase"]
[PlyCount "91"]
[EventDate "2019.??.??"]
[EventCountry "IND"]
[SourceTitle "playchess.com"]
[Source "ChessBase"]
[SourceQuality "1"]
[TimeControl "5400+30"]

1. Nf3 Nf6 2. g3 g6 3. b3 Bg7 4. Bb2 O-O 5. Bg2 d6 6. d4 Nbd7 7. O-O e5 8. dxe5 Ng4 9. Qd2 Ngxe5 10. c4 Nxf3+ 11. Bxf3 Bxb2 12. Qxb2 Qf6 13. Nc3 Ne5 14. Bg2 Nc6 15. Rfd1 Be6 16. Rac1 Qe7 17. c5 Rad8 18. cxd6 Rxd6 19. Rxd6 Qxd6 20. Ne4 Qd4 21. Qxd4 Nxd4 22. Rxc7 Rc8 23. Rxc8+ Bxc8 24. e3 Ne2+ 25. Kf1 Nc1 26. Nc3 b5 27. Ke1 b4 28. Kd2 Nxb3+ 29. axb3 bxc3+ 30. Kxc3 Kf8 31. Kc4 Ke7 32. Bd5 f6 33. Kc5 Bd7 34. b4 h6 35. Bc6 Bc8 36. Be4 f5 37. Bd5 Bd7 38. Bc6 Bc8 39. Kd5 Be6+ 40. Ke5 Bc8 41. h4 h5 42. e4 Be6 43. Be8 Kxe8 44. Kxe6 fxe4 45. Kf6 Kd7 46. Kxg6 1-0

[Event "39th IND-chT 2019"]
[Site "Kolkata"]
[Date "2019.02.07"]
[Round "2"]
[White "Vignesh N R"]
[Black "Arnav Maheshwari"]
[Result "1-0"]
[WhiteElo "2473"]
[BlackElo "1825"]
[Annotator "ChessBase"]
[PlyCount "47"]
[EventDate "2019.??.??"]
[EventCountry "IND"]
[SourceTitle "playchess.com"]
[Source "ChessBase"]
[SourceQuality "1"]
[TimeControl "5400+30"]

1. d4 Nf6 2. c4 e6 3. Nf3 d5 4. Nc3 Bb4 5. Qa4+ Nc6 6. e3 O-O 7. Bd2 Bxc3 8. Bxc3 Ne4 9. Qc2 f5 10. b4 a5 11. b5 Nb8 12. Bd3 c5 13. cxd5 Qxd5 14. Bb2 Nd7 15. O-O Ndf6 16. Bc4 Qd6 17. dxc5 Nxc5 18. Qxf5 Bd7 19. Qe5 Qe7 20. Nd4 Rfc8 21. Nf5 Qd8 22. Rad1 Qb6 23. Nxg7 Nce4 24. Nh5 1-0

[Event "39th IND-chT 2019"]
[Site "Kolkata"]
[Date "2019.02.07"]
[Round "2"]
[White "Karthikeyan, P.."]
[Black "Arya Bhakta"]
[Result "1/2-1/2"]
[WhiteElo "2451"]
[BlackElo "2009"]
[Annotator "ChessBase"]
[PlyCount "130"]
[EventDate "2019.??.??"]
[EventCountry "IND"]
[SourceTitle "playchess.com"]
[Source "ChessBase"]
[SourceQuality "1"]
[TimeControl "5400+30"]

1. d4 Nf6 2. Bf4 g6 3. Nc3 d5 4. e3 Bg7 5. h4 c6 6. Be2 h6 7. Nf3 a5 8. O-O O-O 9. Ne5 Nfd7 10. Nf3 b5 11. Bd3 Nb6 12. Be5 Bg4 13. e4 Bxe5 14. dxe5 d4 15. Ne2 Bxf3 16. gxf3 e6 17. Qd2 Qxh4 18. Kg2 Qg5+ 19. Qxg5 hxg5 20. Kg3 N8d7 21. f4 gxf4+ 22. Kxf4 f6 23. exf6 Rxf6+ 24. Kg5 e5 25. f4 Re8 26. f5 gxf5 27. Rxf5 Rxf5+ 28. Kxf5 Kf7 29. Rh1 Ke7 30. Rh6 Rf8+ 31. Kg5 Rg8+ 32. Kf5 Nc8 33. Rh7+ Kd6 34. Rxd7+ Kxd7 35. Kxe5 Nd6 36. Nxd4 Nc4+ 37. Bxc4 bxc4 38. Nf5 c3 39. bxc3 Rg1 40. Kf6 Rg2 41. e5 Rxc2 42. e6+ Kc7 43. Kf7 Rf2 44. e7 Rxf5+ 45. Ke6 Rf2 46. e8=Q Re2+ 47. Kf7 Rxe8 48. Kxe8 Kd6 49. a4 c5 50. Kd8 c4 51. Kc8 Kc6 52. Kb8 Kb6 53. Kc8 Kc6 54. Kb8 Kd5 55. Kb7 Ke4 56. Kb6 Kd3 57. Kxa5 Kxc3 58. Kb6 Kb4 59. a5 c3 60. a6 c2 61. a7 c1=Q 62. a8=Q Qc5+ 63. Kb7 Qe7+ 64. Kc8 Qe8+ 65. Kb7 Qxa8+ {½-½} 1/2-1/2

[Event "39th IND-chT 2019"]
[Site "Kolkata"]
[Date "2019.02.07"]
[Round "2"]
[White "Barath Kalyan M"]
[Black "Shyam, Sundar M."]
[Result "0-1"]
[WhiteElo "2065"]
[BlackElo "2512"]
[Annotator "ChessBase"]
[PlyCount "82"]
[EventDate "2019.??.??"]
[EventCountry "IND"]
[SourceTitle "playchess.com"]
[Source "ChessBase"]
[SourceQuality "1"]
[TimeControl "5400+30"]

1. c4 e5 2. Nc3 Nc6 3. g3 f5 4. Bg2 Nf6 5. a3 d6 6. d3 Be7 7. Nf3 O-O 8. Qb3 Kh8 9. Ng5 Qe8 10. Nd5 Nd4 11. Qd1 Nxd5 12. cxd5 Bxg5 13. Bxg5 f4 14. Be4 h6 15. h4 Bg4 16. f3 Bd7 17. gxf4 exf4 18. Kf2 Qe5 19. Qc1 c6 20. Qc4 Rae8 21. Rae1 cxd5 22. Qxd5 Qxd5 23. Bxd5 Bc6 24. Ba2 Kh7 25. Rh2 hxg5 26. hxg5+ Kg6 27. Bb1 Bxf3 28. Rh3 Rxe2+ 29. Rxe2 Bxe2 30. Bc2 Nxc2 31. Kxe2 Nd4+ 32. Kf1 Kxg5 33. Rh7 Kg6 34. Rh2 Rc8 35. Rd2 Rc1+ 36. Kf2 Kf5 37. b4 g5 38. Ra2 g4 39. a4 g3+ 40. Kg2 Kg4 41. Ra3 f3# 0-1

[Event "39th IND-chT 2019"]
[Site "Kolkata"]
[Date "2019.02.07"]
[Round "2"]
[White "Nair, Sanjeev"]
[Black "Aravindh, Chithambaram VR."]
[Result "0-1"]
[WhiteElo "2045"]
[BlackElo "2601"]
[Annotator "TA"]
[PlyCount "88"]
[EventDate "2019.??.??"]
[EventCountry "IND"]
[SourceTitle "playchess.com"]
[Source "ChessBase"]
[SourceQuality "1"]

{[%evp 12,88,9,18,47,35,35,8,21,26,35,30,28,33,25,-56,-50,-66,-59,-57,-55,-69,-80,-70,-63,-102,-90,-134,-118,-128,-59,-89,-59,-59,-46,-47,-46,-39,-39,-41,-44,-63,-44,-59,-59,-59,-16,-184,-20,-24,-26,-70,-51,-59,-59,-59,-59,-376,-376,-359,-363,-345,-332,-500,-491,-476,-493,-734,-712,-740,-740,-927,-910,-1080,-1062,-970,-945,-1732,-1629]} 1. e4 c5 2. Nf3 d6 3. d4 Nf6 $146 (3... cxd4 4. Nxd4 Nf6 {½-½ (26) Wang,H (2730)-Giri,A (2783) St Petersburg 2018}) ({Predecessor:} 3... cxd4 4. Nxd4 Nf6 {1-0 (50) Abdumalik,Z (2449)-Ushenina,A (2416) Riadh 2017}) 4. Nc3 cxd4 5. Nxd4 a6 6. h3 e5 7. Nde2 h5 {B90: Sicilian Najdorf: Unusual White 6th moves, 6 Be3 Ng4 and 6 Be3 e5} 8. g3 (8. Nd5 Nxd5 9. Qxd5 Nc6 10. Qd1 Be6 11. Nc3 Rc8 12. Be3 Ne7 13. Be2 d5 14. exd5 Nxd5 15. Nxd5 Qxd5 {½-½ (26) Wang,H (2730)-Giri,A (2783) St Petersburg 2018}) 8... Nbd7 9. Bg2 ({Predecessor:} 9. a4 b6 10. Bg2 Bb7 11. O-O {1-0 (50) Abdumalik,Z (2449)-Ushenina,A (2416) Riadh 2017}) 9... Be7 {The position is equal.} 10. a4 b6 11. O-O Bb7 12. Bg5 O-O 13. f4 (13. Nc1 $11) 13... Rc8 $15 14. Bxf6 Nxf6 15. Nd5 h4 ({Predecessor:} 15... Nxd5 16. exd5 exf4 17. Nxf4 {1-0 (50) Abdumalik,Z (2449)-Ushenina,A (2416) Riadh 2017}) 16. g4 Nxd5 17. exd5 exf4 18. Qd3 Bf6 19. c3 g5 20. Nd4 {[#]} Be5 (20... b5 $1 $17 {[%mdl 512]} 21. axb5 Bxd4+ 22. cxd4 axb5) 21. Rae1 Qd7 22. Nc6 Rce8 ({Of course not} 22... Bxc6 $6 23. dxc6 Qa7 24. Qf5 $14) 23. Be4 Kg7 24. Re2 Qc7 25. Rfe1 Bf6 26. Kg2 Qc8 27. b4 {[#]} b5 $1 {[%mdl 512]} 28. a5 (28. axb5 axb5) 28... Qc7 29. Kf3 $2 (29. Kf1 $11 {and White is okay.}) 29... Rh8 $2 (29... Bxc6 $19 30. dxc6 Re5) 30. Kg2 $11 Rhg8 31. Qf3 Rc8 32. Qd3 Rge8 33. Bf3 Qd7 34. Be4 $2 {[%mdl 8192] [#]} (34. Kg1 $15) 34... Rxe4 $1 $19 {[%mdl 512]} 35. Rxe4 (35. Qxe4 Rxc6) 35... Bxc6 36. dxc6 Qxc6 37. Qf3 (37. Rc1 {might work better.} d5 38. Ree1) 37... Qxc3 {Black is clearly winning.} 38. Qxc3 Rxc3 {[%mdl 4096] Endgame KRR-KRB} 39. Rd1 (39. Kh2 $142 Rg3 40. Rg1) 39... Be5 40. Rde1 Kf6 41. Rf1 Rg3+ 42. Kf2 Rxh3 43. Rc1 Rg3 44. Rd1 Rxg4 {Accuracy: White = 32%, Black = 49%.} 0-1

[Event "39th IND-chT 2019"]
[Site "Kolkata"]
[Date "2019.02.07"]
[Round "2"]
[White "Chittal, Sairaj"]
[Black "Karthikeyan, Murali"]
[Result "0-1"]
[WhiteElo "2009"]
[BlackElo "2560"]
[Annotator "TA"]
[PlyCount "66"]
[EventDate "2019.??.??"]
[EventCountry "IND"]
[SourceTitle "playchess.com"]
[Source "ChessBase"]
[SourceQuality "1"]

{[%evp 12,66,0,3,26,8,17,15,9,15,25,-11,9,11,50,40,42,38,33,25,26,16,0,-31,-28,-41,-39,-55,-62,-102,-102,-135,-140,-299,-302,-288,-278,-284,-267,-266,-270,-475,-482,-475,-477,-470,-449,-460,-457,-425,-407,-407,-407,-407,-407,-811,-807]} 1. d4 Nf6 2. Nf3 e6 3. Bg5 c5 $146 ({Predecessor:} 3... h6 4. Bh4 c5 5. e3 Nc6 6. c3 Qb6 7. Qb3 d5 {1-0 (46) Megaranto,S (2535)-Jumabayev,R (2613) Almaty 2016}) 4. c3 Nc6 5. e3 d5 6. Nbd2 h6 7. Bh4 Qb6 {D03: 1 d4 d5 2 Nf3 Nf6 3 Bg5, including Torre Attack with early ...d5} 8. Qb3 Be7 9. Be2 O-O {The position is equal.} 10. O-O Re8 11. Rac1 ({Predecessor:} 11. Rfe1 Bd7 12. h3 Rac8 13. Bg3 Na5 14. Qxb6 axb6 {1-0 (46) Megaranto,S (2535)-Jumabayev,R (2613) Almaty 2016}) 11... cxd4 12. cxd4 Qd8 13. a3 a6 14. h3 Na5 15. Qc2 b5 16. Bg3 Nc4 17. Nxc4 dxc4 18. a4 Bb7 19. axb5 axb5 20. Ra1 Be4 21. Qd1 Qd5 22. Re1 $2 {[#]} (22. Qd2 $17) 22... Bb4 $19 23. Rf1 Rxa1 24. Qxa1 Ra8 25. Qc1 Ra2 26. Rd1 $2 {[#]} (26. Kh2) 26... c3 $1 {[%mdl 512]} 27. bxc3 Ba3 ({Weaker is} 27... Rxe2 28. cxb4 Rc2 29. Qa3 $17) 28. c4 {And now Qxa3 would win.} Qa8 ({Less strong is} 28... Bxc1 29. cxd5 Rxe2 30. Rxc1 $15) 29. Qc3 Rxe2 30. cxb5 Rc2 31. Qb3 Rb2 32. Qc3 {White hopes to continue with Ra1.} Bxf3 33. Ra1 (33. gxf3 $142 Rxb5 34. Ra1) 33... Bxg2 {Accuracy: White = 40%, Black = 67%.} 0-1

[Event "39th IND-chT 2019"]
[Site "Kolkata"]
[Date "2019.02.08"]
[Round "3"]
[White "Karthikeyan, Murali"]
[Black "Ghosh, Diptayan"]
[Result "0-1"]
[WhiteElo "2560"]
[BlackElo "2556"]
[Annotator "TA"]
[PlyCount "76"]
[EventDate "2019.??.??"]
[EventCountry "IND"]
[SourceTitle "playchess.com"]
[Source "ChessBase"]
[SourceQuality "1"]

{[%evp 10,76,39,21,23,29,33,33,31,0,0,0,0,0,-6,0,21,-40,-37,-44,-39,-49,-60,-126,-98,-142,-156,-227,-227,-284,-273,-260,-291,-354,-263,-278,-286,-269,-258,-262,-269,-359,-375,-415,-361,-356,-352,-360,-271,-408,-375,-349,-366,-633,-645,-823,-766,-886,-899,-1284,-1006,-1243,-1224,-1592,-1588,-1489,-1475,-2527,-2415]} 1. e4 c6 2. Nc3 d5 3. Nf3 dxe4 4. Nxe4 Nf6 5. Qe2 Nxe4 6. Qxe4 Be6 {B11: Caro-Kann: Two Knights Variation} 7. b3 Nd7 {[%cal Bb8d7,Bd7f6,Bf6d5,Bd5b4][%mdl 32]} 8. Bb2 Nf6 {White is slightly better.} 9. Qh4 $146 ({Predecessor:} 9. Qe3 Bf5 10. c4 e6 11. h3 h6 12. Be2 Be7 13. O-O O-O 14. Rfe1 {0-1 (39) Hansen,E (2629)-Lenderman,A (2626) Saint Louis 2018}) 9... Bf5 10. O-O-O e6 11. Ne5 Be7 12. f3 a5 13. a4 (13. Qc4 $11) 13... Nd5 $36 {[%mdl 2048] Black has good play.} 14. Qe1 Nb4 15. d3 h6 16. h4 (16. g4 $15 Bh7 17. Bg2) 16... Bh7 17. g4 {[#]} f6 $1 18. Nc4 (18. g5 $17 fxe5 19. Qxe5) 18... b5 $19 {[%cal Bb7b5,Bb5a4,Ba4b3][%mdl 32]} 19. Na3 bxa4 20. Qxe6 axb3 21. c3 Qd5 22. Re1 {[%csl Ge1][%cal Re6e7] [#]} Qxe6 23. Rxe6 Na2+ 24. Kd2 Kd7 25. Re1 Bd6 26. g5 Bf5 27. gxf6 gxf6 28. Nc4 Bc7 29. Ne3 (29. Bh3 $142 Bxh3 30. Rxh3) 29... Be6 30. d4 Bf4 31. Kd1 $2 (31. Bd3 a4 32. Ba3) 31... a4 {[%cal Ba5a4,Ba4a3,Ba3b2][%mdl 32] Black is clearly winning.} 32. d5 cxd5 33. Bb5+ Kc7 34. Rhg1 Rhg8 35. Ng2 Be5 36. f4 a3 37. fxe5 axb2 38. Kd2 Nc1 {Accuracy: White = 30%, Black = 87%.} 0-1

[Event "39th IND-chT 2019"]
[Site "Kolkata"]
[Date "2019.02.08"]
[Round "3"]
[White "Puranik, Abhimanyu"]
[Black "Subhayan Kundu"]
[Result "1-0"]
[WhiteElo "2538"]
[BlackElo "2354"]
[Annotator "TA"]
[PlyCount "75"]
[EventDate "2019.??.??"]
[EventCountry "IND"]
[SourceTitle "playchess.com"]
[Source "ChessBase"]
[SourceQuality "1"]

{[%evp 22,75,46,39,40,34,38,42,47,34,31,28,32,-44,24,10,87,0,2,19,36,38,29,7,26,-35,-8,-39,0,-16,33,3,224,206,281,191,187,140,436,441,449,446,446,440,431,402,461,366,433,409,432,366,588,578,29990,29991]} 1. Nf3 $146 (1. e4 c5 {0-1 (75) Ragger,M (2701)-Salgado Lopez,I (2624) Germany 2018}) ({Predecessor:} 1. e4 c5 {½-½ (44) Piza,V (2295)-Firt,S (2335) Czechia 1997}) 1... c5 2. e4 Nc6 ({Predecessor:} 2... d6 3. d4 cxd4 4. Nxd4 Nf6 5. Nc3 {½-½ (44) Piza,V (2295)-Firt,S (2335) Czechia 1997}) 3. d4 cxd4 4. Nxd4 Nf6 5. Nc3 d6 6. Bg5 e6 7. Qd2 a6 8. O-O-O Bd7 9. f4 Be7 10. Nf3 b5 11. Bxf6 gxf6 12. Kb1 ({Predecessor:} 12. f5 Qb6 13. Kb1 O-O-O 14. fxe6 fxe6 15. Ne2 Kb8 16. Nf4 {½-½ (44) Piza,V (2295)-Firt,S (2335) Czechia 1997}) 12... Qb6 {B69: Sicilian: Richter-Rauzer: 7...a6 8 0-0-0 Bd7 9 f4 Be7 10 Nf3 b5 11 Bxf6} 13. Ne2 (13. f5 O-O-O 14. g3 Na5 15. Bh3 Nc4 16. Qe2 Rhe8 17. Nd4 Bf8 18. Qh5 b4 19. fxe6 fxe6 20. Nce2 Kb8 21. Nf4 f5 22. exf5 Nxb2 23. Kxb2 {0-1 (75) Ragger,M (2701)-Salgado Lopez,I (2624) Germany 2018}) 13... O-O-O 14. f5 Kb8 {White is slightly better.} 15. Nf4 Bc8 16. fxe6 fxe6 17. c4 (17. Qe1 $1 $14) 17... b4 (17... bxc4 $1 $15 18. Bxc4 d5 19. exd5 Na5) 18. g3 {Black should prevent Bh3.} Qc5 (18... Bf8 $11) ({Predecessor:} 18... Rhe8 19. Bh3 Bf8 20. Nh5 Qc5 21. Nxf6 Re7 {½-½ (44) Piza,V (2295)-Firt,S (2335) Czechia 1997}) 19. Rc1 (19. Bh3 $16) 19... Rhe8 20. Bg2 Bf8 21. Nd3 Qb6 22. Rhf1 Bb7 23. Ng1 (23. b3 $11) 23... Bg7 24. Ne2 a5 25. Nef4 Qd4 26. Qc2 Bh8 $2 (26... Qa7 $11 {and Black has nothing to worry.}) 27. c5 $18 d5 28. exd5 exd5 29. Rfe1 {Strongly threatening Ne6.} f5 $2 {[%mdl 8192]} (29... Ba6 $16 {is a better defense.} 30. Rxe8 Rxe8) 30. Ne6 {[%mdl 64] [#] Double Attack} Qf6 31. Nxd8 Rxd8 32. Nf4 Nd4 33. Qd2 Bc6 34. Nd3 Nb5 35. Ne5 Kb7 36. Qe2 Re8 $2 {[#]} (36... Qxe5 37. Qxe5 Bxe5) 37. Bxd5 $1 {[%mdl 576] Deflection} Bxd5 38. Qxb5+ {[%mdl 64] Double Attack. Accuracy: White = 47%, Black = 16%.} 1-0

[Event "39th IND-chT 2019"]
[Site "Kolkata"]
[Date "2019.02.08"]
[Round "3"]
[White "Karthikeyan, P.."]
[Black "Sidhant, Mohapatra"]
[Result "1/2-1/2"]
[WhiteElo "2451"]
[BlackElo "2330"]
[Annotator "TA"]
[PlyCount "50"]
[EventDate "2019.??.??"]
[EventCountry "IND"]
[SourceTitle "playchess.com"]
[Source "ChessBase"]
[SourceQuality "1"]

{[%evp 13,50,0,0,0,0,0,0,-27,-22,-27,-20,-23,-30,-39,-11,-19,0,0,0,0,0,0,0,0,0,0,0,0,1,0,1,0,0,0,1,1,1,1,1]} 1. d4 d5 2. Nf3 (2. Bf4 e6 3. e3 Bd6 4. Nf3 Nf6 5. Bg3 c5 6. c3 Nc6 {½-½ (34) Naroditsky,D (2616)-Mamedyarov,S (2817) chess.com INT 2019}) 2... Nf6 $146 ({Predecessor:} 2... e6 3. Bf4 {½-½ (17) Sandipan,C (2572)-Timofeev,A (2596) Barcelona 2016}) 3. Bf4 e6 4. e3 c5 5. c3 Nc6 6. Nbd2 Bd6 7. Bg3 O-O 8. Bb5 {D02: 1 d4 d5 2 Nf3 sidelines, including 2...Nf6 3 g3 and 2...Nf6 3 Bf4} Be7 (8... cxd4 9. exd4 Ne7 10. Bd3 Ng6 11. O-O Bxg3 12. fxg3 b5 13. Qe2 Qb6 14. Ng5 b4 15. Ndf3 h6 {½-½ (34) Naroditsky,D (2616)-Mamedyarov,S (2817) chess.com INT 2019}) 9. dxc5 Bxc5 10. b4 ({Predecessor:} 10. O-O Bd6 11. c4 Bxg3 12. hxg3 Bd7 13. cxd5 Nxd5 14. e4 Nc7 15. Ba4 Qe7 16. e5 Rfd8 17. Qc2 Na6 {½-½ (17) Sandipan,C (2572)-Timofeev,A (2596) Barcelona 2016}) 10... Be7 11. O-O Nh5 12. a3 Nxg3 13. hxg3 a6 14. Bd3 {The position is equal.} b6 {[%cal Bb7b6,Bb6b5][%mdl 32]} 15. c4 dxc4 16. Be4 Bb7 {Hoping for ...b5.} 17. Nxc4 b5 18. Nce5 Qxd1 19. Rfxd1 Nxe5 20. Bxb7 Nxf3+ 21. gxf3 Ra7 22. Rd7 Bf6 23. Rc1 Bb2 24. Rc6 Bxa3 25. Rxa6 Rxa6 {Accuracy: White = 81%, Black = 71%.} 1/2-1/2

[Event "39th IND-chT 2019"]
[Site "Kolkata"]
[Date "2019.02.08"]
[Round "3"]
[White "Mitrabha, Guha"]
[Black "Gopal G.N."]
[Result "1/2-1/2"]
[WhiteElo "2340"]
[BlackElo "2594"]
[Annotator "TA"]
[PlyCount "70"]
[EventDate "2019.??.??"]
[EventCountry "IND"]
[SourceTitle "playchess.com"]
[Source "ChessBase"]
[SourceQuality "1"]

{[%evp 17,70,13,29,4,18,18,14,7,18,3,15,-20,-19,0,16,-6,8,2,27,32,34,30,29,15,17,4,18,14,49,40,36,41,39,36,43,0,0,0,0,0,0,0,0,0,0,0,0,0,0,0,0,0,0,0,0]} 1. d4 Nf6 2. Nf3 $146 ({Predecessor:} 2. c4 g6 3. g3 Bg7 4. Bg2 d5 {1-0 (38) Gelfand,B (2695)-Sutovsky,E (2647) Poikovsky 2018}) 2... g6 3. g3 Bg7 4. Bg2 d5 5. c4 O-O 6. O-O c6 7. Qb3 dxc4 8. Qxc4 Bf5 9. Nc3 Nbd7 10. h3 {D78: Fianchetto Grünfeld: 6 0-0 c6} Ne4 11. Qb3 Qb6 12. Rd1 Rfd8 ({Predecessor:} 12... Qxb3 13. axb3 Nb6 14. Ne1 Nxc3 15. bxc3 Be6 16. Rb1 a5 17. Nd3 a4 {1-0 (38) Gelfand,B (2695)-Sutovsky,E (2647) Poikovsky 2018}) 13. Bf4 h6 14. Ne1 {[#] Strongly threatening Qxb6.} Nxc3 15. bxc3 g5 16. Bc1 Nf6 17. Ba3 Re8 18. Nd3 Ne4 {[#] And now ...Qxb3 would win.} 19. Rac1 Rad8 20. Nc5 Nxc5 21. Bxc5 Qa6 22. e4 Be6 23. d5 cxd5 24. exd5 Bd7 {next ...Ba4 is good for Black.} 25. Re1 e6 26. dxe6 (26. d6 {keeps more tension.} b6 27. Be3 Rc8 28. c4 Qa5 29. a3) 26... Bxe6 {The position is equal.} 27. Qxb7 Qxb7 28. Bxb7 Bxa2 29. Rxe8+ Rxe8 30. Ra1 Be6 31. Bg2 Bxc3 32. Rxa7 Kg7 33. Kh2 Rc8 34. Be3 Rd8 35. Ra8 Rxa8 {Accuracy: White = 65%, Black = 51%.} 1/2-1/2